LEADER 01178nam a2200253 i 4500 001 000000130400 003 CaOOAMICUS 005 20041022000000.0 008 041022s2004 it u000 u ita u 013 $a103134 020 $a88-7023-289-1 040 $aSeMil$bita 100 1 $aRappellino, Paolo.$0(OLS)http://semarc/name/53908 245 10$aMonsignor Carlo Caccia Dominioni :$bVicario della diocesi di Milano negli anni del Risorgimento (1859-1866) /$cPaolo Rappellino. 260 $aMilano :$bNED,$cStampa 2004. 300 $a222 p., [16] p. di tav. ;$c25 cm. 500 $aContiene : Bibliografia. - Copia rilegata, con custodia. 600 14$aCaccia Dominioni, Carlo .$0(OLS)http://semarc/subject/25722 850 $aSeMil 852 $aSeMil$W1$xVenegono$y1$m3B IV 28$j84447$B84447$CSeMilBibl$Z2$F88552 $81 961 $aOmaggio: Martinelli don Romano 996 $6020$a88-7023-289-1$9(OLS)http://semarc/number/117281 996 $6245$aMonsignor Carlo Caccia Dominioni :$bVicario della diocesi di Milano negli anni del Risorgimento (1859-1866)$9(OLS)http://semarc/title/192075 996 $6260$aMilano :$bNED$9(OLS)http://semarc/publisher/30187 LEADER 00945nam a2200205 i 4500 001 000000058742 003 CaOOAMICUS 005 20121109000000.0 008 121109s1922 it u000 u ita u 013 $a29914 040 $aSeMil$bita 100 1 $aBerenzi, Angelo.$0(OLS)http://semarc/name/29969 245 13$aIl Sinodo Litta e brevi cenni intorno ai Congressi e ai Sinodi cremonesi che lo precedettero /$cCan. Prof. Angelo Berenzi. 260 $aCremona :$bTipografia Centrale,$c1922. 300 $a81, III p., [1] p. di tav. ;$c20 cm. 650 4$aSinodi diocesani - Cremona.$0(OLS)http://semarc/subject/10185 850 $aSeMil 852 $aSeMil$W1$xVenegono$y1$m2J II 79$j24895$B24895$CSeMilBibl$Z2$F24898 $81 996 $6245$aIl Sinodo Litta e brevi cenni intorno ai Congressi e ai Sinodi cremonesi che lo precedettero$9(OLS)http://semarc/title/91624 996 $6260$aCremona :$bTipografia Centrale$9(OLS)http://semarc/publisher/41985